Statistiques concernant Culture Générale - Série 510

Cliquez ici pour prendre le quiz!

Statistiques générales

  • Ce quiz a été pris 240 fois
  • Le résultat moyen est 8 sur 10

Statistiques - réponses

QuestionRéponse% Correct
Quel sport olympique un fleurettiste et un épéiste pratiquent-ils ?escrime
96%
En calcul, quelle opération entre deux nombres permet d'obtenir un produit ?multiplication
96%
Avec la Lettonie et la Lituanie, quel est le troisième pays balte ?Estonie
94%
De quel Etat Jakarta est-elle la capitale ?Indonésie
92%
En combien de degrés un cercle est-il divisé ?360
91%
Dans la réplique "Cours Forrest, cours", à quel mode le verbe courir est-il conjugué ?impératif
91%
Dans quel pays est née Victoria Abril ?Espagne
86%
A quel massif montagneux le Luberon appartient-il ?Alpes
78%
En géométrie, quelle unité de mesure est symbolisée par un petit rond inscrit en exposant ?degré
78%
Avec "pattes" et "côtelettes", quel est l'autre nom des rouflaquettes qui poussent sur les joues ?favoris
31%

Distribution des résultats

Percentile par nombre de réponses

% des personnes avec chaque résultat

Votre développement - résultats

Vous n’avez pas pris ce quiz